Visualizzazione normale
Vista MARC
- Film criticism.
di Topical Term
Records bibliografici associati: 1
001 - CONTROL NUMBER
- control field: 438
003 - CONTROL NUMBER IDENTIFIER
- control field: IT-RoPau
005 - DATE AND TIME OF LATEST TRANSACTION
- control field: 20130219092140.0
008 - FIXED-LENGTH DATA ELEMENTS
- fixed length control field: 130219|| aca||aabn | a|a d
040 ## - CATALOGING SOURCE
- Original cataloging agency: IT-RoPau
- Transcribing agency: IT-RoPau
150 ## - HEADING--TOPICAL TERM
- Topical term or geographic name entry element: Film criticism.
670 ## - SOURCE DATA FOUND
- Source citation: Work cat.: (IT-RoPau)5: Alberione, Ezio, 1965- 436, Di cosa parliamo quando parliamo di cinema :, c1997.